|
|
|
|
| LEADER |
02546nam a2200337 a 4500 |
| 001 |
GR-MES778 |
| 008 |
991111s1995 gr 000 0 gre d |
| 020 |
|
|
|a 9602322551
|
| 040 |
|
|
|a GrPaTEI
|b gre
|c GR-PaULI
|
| 082 |
|
0 |
|a 346
|2 21
|
| 245 |
0 |
0 |
|a Στοιχεία Αστικού Δικαίου :
|b Βασικές έννοιες Γενικών Αρχών Ενοχικού και Εμπράγματου Δικαίου.
|
| 260 |
|
|
|a Αθήνα :
|b Αντώνης Σάκκουλας,
|c 1995
|
| 300 |
|
|
|a 245σ., 24εκ.
|
| 504 |
|
|
|a Βιβλιογραφία σελ.(243-245)
|
| 650 |
|
4 |
|a Αστικό Δίκαιο
|
| 650 |
|
4 |
|a Δίκαιο
|
| 650 |
|
4 |
|a Εμπράγματο Δίκαιο
|
| 650 |
|
4 |
|a Ενοχικό Δίκαιο
|
| 700 |
1 |
|
|a Βάρκα-Αδάμη, Αλεξάνδρα
|
| 710 |
0 |
|
|a Αντώνης Σάκκουλας
|
| 942 |
|
|
|2 ddc
|
| 952 |
|
|
|0 1
|1 0
|2 ddc
|4 0
|6 346_000000000000000_ΒΑΡ
|7 0
|9 264355
|a MSLG
|b MSLG
|c BSC
|d 2021-01-17
|e 24
|f 0
|g 0.00
|l 0
|o 346 ΒΑΡ
|p 2420000016293
|r 2021-01-17 00:00:00
|t 1
|w 2021-01-17
|y BK15
|x 20000203 0 1
|x GrPaTEI
|
| 952 |
|
|
|0 0
|1 0
|2 ddc
|4 0
|6 346_000000000000000_ΒΑΡ
|7 0
|9 264356
|a MSLG
|b MSLG
|c BSC
|d 2021-01-17
|e 24
|f 0
|g 0.00
|l 0
|o 346 ΒΑΡ
|p 2420000004253
|r 2021-01-17 00:00:00
|t 1
|w 2021-01-17
|y BK15
|x 19991111 0 1
|x GrPaTEI
|
| 952 |
|
|
|0 0
|1 0
|2 ddc
|4 0
|6 346_000000000000000_ΒΑΡ
|7 0
|9 264358
|a MSLG
|b MSLG
|c BSC
|d 2021-01-17
|e 24
|f 0
|g 0.00
|l 0
|o 346 ΒΑΡ
|p 2420000004255
|r 2021-01-17 00:00:00
|t 1
|w 2021-01-17
|y BK15
|x 20080117 0 1
|x GrPaTEI
|
| 952 |
|
|
|0 0
|1 0
|2 ddc
|4 0
|6 346_000000000000000_ΒΑΡ
|7 0
|9 264360
|a MSLG
|b MSLG
|c BSC
|d 2021-01-17
|e 24
|f 0
|g 0.00
|l 0
|o 346 ΒΑΡ
|p 2420000006546
|r 2021-01-17 00:00:00
|t 1
|w 2021-01-17
|y BK15
|x 20001205 0 1
|x GrPaTEI
|
| 952 |
|
|
|0 0
|1 0
|2 ddc
|4 0
|6 346_000000000000000_ΒΑΡ
|7 0
|9 264361
|a MSLG
|b MSLG
|c BSC
|d 2021-01-17
|e 24
|f 0
|g 0.00
|l 0
|o 346 ΒΑΡ
|p 2420000016294
|r 2021-01-17 00:00:00
|t 1
|w 2021-01-17
|y BK15
|x 20000203 0 1
|x GrPaTEI
|
| 952 |
|
|
|0 0
|1 0
|2 ddc
|4 0
|6 346_000000000000000_ΒΑΡ
|7 0
|9 264363
|a MSLG
|b MSLG
|c BSC
|d 2021-01-17
|e 24
|f 0
|g 0.00
|l 0
|o 346 ΒΑΡ
|p 2420000018319
|r 2021-01-17 00:00:00
|t 1
|w 2021-01-17
|y BK15
|x 20080117 0 1
|x GrPaTEI
|
| 952 |
|
|
|0 0
|1 0
|2 ddc
|4 0
|6 346_000000000000000_ΒΑΡ
|7 0
|9 264364
|a MSLG
|b MSLG
|c BSC
|d 2021-01-17
|e 24
|f 0
|g 0.00
|l 0
|o 346 ΒΑΡ
|p 242000006446
|r 2021-01-17 00:00:00
|t 1
|w 2021-01-17
|y BK15
|x 20080117 0 1
|x GrPaTEI
|
| 952 |
|
|
|0 0
|1 0
|2 ddc
|4 0
|6 346_000000000000000_ΒΑΡ
|7 0
|9 264365
|a MSLG
|b MSLG
|c BSC
|d 2021-01-17
|e 24
|f 0
|g 0.00
|l 0
|o 346 ΒΑΡ
|p 242000018318
|r 2021-01-17 00:00:00
|t 1
|w 2021-01-17
|y BK15
|x 20080117 0 1
|x GrPaTEI
|
| 971 |
|
|
|a .b25718198
|b 16-04-20
|c 13-09-16
|
| 999 |
|
|
|c 152089
|d 152089
|